|
|
|
|
| LEADER |
00000nam0a2200000 4500 |
| 001 |
117966 |
| 005 |
20231101215434.0 |
| 010 |
|
|
|a 730109387X
|
| 035 |
|
|
|a (RuTPU)RU\TPU\book\127678
|
| 090 |
|
|
|a 117966
|
| 100 |
|
|
|a 20070607d2005 km y0chiy50 ea
|
| 101 |
0 |
|
|a chi
|
| 102 |
|
|
|a CN
|
| 105 |
|
|
|a y z 000zy
|
| 200 |
1 |
|
|a Логическое мышление
|f Ян Дэхуй
|
| 210 |
|
|
|a Пекин
|c Изд-во Пекинского ун-та
|d 2005
|
| 215 |
|
|
|a 296 с.
|
| 225 |
1 |
|
|a Коммерческая инспирация
|
| 300 |
|
|
|a Книга на китайском языке.
|
| 606 |
1 |
|
|a Китай
|x Экономика
|2 stltpush
|3 (RuTPU)RU\TPU\subj\36265
|9 57705
|
| 610 |
1 |
|
|a экономика
|
| 610 |
1 |
|
|a управление
|
| 610 |
1 |
|
|a методы
|
| 610 |
1 |
|
|a менеджмент
|
| 610 |
1 |
|
|a логическое мышление
|
| 610 |
1 |
|
|a планирование
|
| 610 |
1 |
|
|a стратегическое мышление
|
| 686 |
|
|
|a У9(5Кит)
|v LBC/SL-A
|2 rubbk
|
| 700 |
|
0 |
|a Ян Дэхуй
|
| 801 |
|
1 |
|a RU
|b 63413507
|c 20070607
|g PSBO
|
| 801 |
|
2 |
|a RU
|b 63413507
|c 20220530
|g PSBO
|
| 942 |
|
|
|c BK
|